Gestão do conhecimento : (Record no. 922)

MARC details
000 -LÍDER
Campo Fixo de Controle 00965nam a2200289 a 4500
001 - NÚMERO DE CONTROLE
Campo de Controle 922
003 - IDENTIFICAÇÃO DO NÚMERO DE CONTROLE
Campo de Controle BR-CuiBMT
005 - DATA E HORA DA ÚLTIMA ATUALIZAÇÃO
Campo de Controle 20231123010636.0
008 - DADOS FIXOS
Dados Fixos 231122s2002 spba 001 0 por d
020 ## - INTERNATIONAL STANDARD BOOK NUMBER
Nº do ISBN 9788573079784
040 ## - AGÊNCIA CATALOGADORA
Código da Agência Catalogadora BR-CuiBMT
Agência que transcreveu o registro BR-CuiBMT
041 1# - CÓDIGO DO IDIOMA
Código do Idioma por
Idioma original eng
080 ## - Nº DA CLASSIFICAÇÃO DECIMAL UNIVERSAL
Nº edição CDU 2007
Nº Class. CDU 658:001.101
090 ## - NÚMERO DE CHAMADA
Nº classificação 658:001.101
Cutter P962g
100 1# - ENTRADA PRINCIPAL -- AUTOR PESSOAL
Nome pessoal Probst, Gilbert,
Datas associadas ao nome 1950-
240 1# - TÍTULO UNIFORME/ORIGINAL
Título original Managing knowledge
Idioma da publicação Português
245 00 - TÍTULO PRINCIPAL
Título principal Gestão do conhecimento :
Subtítulo os elementos construtivos do sucesso /
Indicação de responsabilidade Gilbert Probst, Steffen Raub, Kai Romhardt ; tradução: Maria Adelaide Carpigiani.
260 ## - PUBLICAÇÃO, DISTRIBUIÇÃO, ETC.
Local de publicação São Paulo :
Editora Bookman,
Data 2002.
300 ## - DESCRIÇÃO FÍSICA
N. páginas ou volumes vii, 286 p. :
Ilustrações il. ;
Dimensões 25 cm
504 ## - NOTA DE BIBLIOGRAFIA, ETC.
Nota de bibliografia Inclui bibliografia e índice.
650 ## - ASSUNTO TÓPICO
Cabeçalho tópico ou nome geográfico Gestão do conhecimento
650 ## - ASSUNTO TÓPICO
Cabeçalho tópico ou nome geográfico Administração de empresas
Subdivisão geral Estudo de caso
650 ## - ASSUNTO TÓPICO
Cabeçalho tópico ou nome geográfico Aprendizagem organizacional
700 1# - ENTRADA SECUNDÁRIA -- NOME PESSOAL
Nome pessoal Raub, Steffen
700 1# - ENTRADA SECUNDÁRIA -- NOME PESSOAL
Nome pessoal Romhardt, Kai,
Datas associadas ao nome 1967-
942 ## - ELEMENTOS DE ENTRADA ADICIONAIS (KOHA)
Fonte de classificação ou esquema de arquivamento Classificação Decimal Universal
Tipo de item do Koha Livros
Holdings
Estado: removido Estado: perdido Fonte de classificação ou esquema de arquivamento Estado: danificado Indisponível para empréstimo Localização permanente Localização atual Data de aquisição Total Checkouts Número de Chamada completo Código de barras Date last seen Número do exemplar Preço efetivo a partir de Tipo de item (Koha)
    Classificação Decimal Universal     Biblioteca da Escola Superior de Contas do TCE/MT Biblioteca da Escola Superior de Contas do TCE/MT 23/11/2023   658:001.101 P962g BIBTCEMT23110917 23/11/2023 Ex. 1 23/11/2023 Livros

Powered by Koha